| 000 | 00340nam a22001217a 4500 | ||
|---|---|---|---|
| 008 | 140110t xxu||||| |||| 00| 0 eng d | ||
| 020 | _a0-7645-9837-6 | ||
| 100 |
_aWilliam E. Perry _9618 |
||
| 245 |
_aEffective Methods for Software testing _bincludes complete guidelines and checklists |
||
| 250 | _a3rd Ed. | ||
| 300 | _a400 | ||
| 942 |
_2ddc _cBK |
||
| 999 |
_c16880 _d16880 |
||